| 000 | 00509cam a2200205ua 4500 | ||
|---|---|---|---|
| 020 | _c5.0 | ||
| 041 |
_aeng _h |
||
| 082 |
_a637.1 _bPAN/CO |
||
| 100 | _aPanse , V G . | ||
| 245 |
_aCost of milk production / _cV G Panse. _hTextual Documents |
||
| 260 |
_aNew Delhi : _bIndian Council for Agricultural Research , _c1961. |
||
| 300 | _a121 ; . | ||
| 365 | _a5.0 | ||
| 504 | _a | ||
| 700 | 1 | _aAmble, U N . | |
| 700 | 1 | _aPuri, T R . | |
| 942 | _cBK | ||
| 999 |
_c2872 _d2872 |
||